Normal view
MARC view
- Bolto, B. A.
Entry Personal Name
001 - CONTROL NUMBER
- control field: 44230
003 - CONTROL NUMBER IDENTIFIER
- control field: NUST
005 - DATE AND TIME OF LATEST TRANSACTION
- control field: 20210314132921.0
008 - FIXED-LENGTH DATA ELEMENTS
- fixed length control field: 210314|| aca||aabn | a|a d
040 ## - CATALOGING SOURCE
- Original cataloging agency: NUST
- Transcribing agency: NUST
100 ## - HEADING--PERSONAL NAME
- Personal name: Bolto, B. A.
670 ## - SOURCE DATA FOUND
- Source citation: Work cat.: (NUST): Bolto, B. A.,, Wastewater treatment by ion-exchange /, 1988.
